Các tiêu chuẩn ngành : TCN 68-176: 2006, TCN 68-186: 2006, TCN 68-218: 2006, TCN68-253: 2006 /

Guardat en:
Dades bibliogràfiques
Autor principal: Bộ Bưu chính viễn thông
Format: Llibre
Idioma:Vietnamese
Publicat: Bưu điện 2006
Etiquetes: Afegir etiqueta
Sense etiquetes, Sigues el primer a etiquetar aquest registre!
Thư viện lưu trữ: Mạng thư viện Đại học Đà Nẵng
LEADER 00708nam a2200265 4500
001 000028246
003 TCN
005 20150403120000.0
008 150403s vm 000 vie
020 |c 0,0000 
040 |a notts 
100 |a Bộ Bưu chính viễn thông 
245 |a Các tiêu chuẩn ngành : TCN 68-176: 2006, TCN 68-186: 2006, TCN 68-218: 2006, TCN68-253: 2006 /  |c Bộ Bưu chính viễn thông. 
260 |b Bưu điện  |c 2006 
OWN |a LTT 
999 |a From the UDN01 
TYP |a Monograph 
TYP |a Printed language 
980 |a Mạng thư viện Đại học Đà Nẵng